| 000 | 01336nam0a22003131 4500 | ||
|---|---|---|---|
| 001 | v19\rc\1681636 | ||
| 005 | 20260406061918.0 | ||
| 035 | _a(NLR Aleph) 005230023 | ||
| 090 |
_a5595381 _c5595381 |
||
| 100 | _a20061002d1901 |||y0rusy50 ca | ||
| 101 | 0 | _arus | |
| 102 | _aRU | ||
| 105 | _ay z ||||| | ||
| 200 | 1 |
_aКарл Великий _fС.Р. |
|
| 205 | _a[2-е изд.] | ||
| 210 |
_aХарьков _cИзд. ком. Харьковск. о-ва распространения в народе грамотности _d1901 |
||
| 215 |
_a48 с. _d16 |
||
| 300 | _aНа обл. номер изд.: № 35 | ||
| 300 | _aАвт. установлен по изд.: Масанов И.Ф. Словарь псевдонимов... М., 1958. Т. 3. С. 61; по аналогии с другими его произведениями | ||
| 700 | 1 |
_8rus _7ca _aРусова _bС. Ф. _f1856-1940 _gСофья Федоровна _3RU\NLR\AUTH\77115018 _997943 |
|
| 702 | 0 |
_4570 _8rus _7ca _aКарл Великий _cкороль франков _f742-814 _3RU\NLR\AUTH\7712111 _9121842 |
|
| 790 | 0 |
_9z01700 _aС. Р. |
|
| 801 | 0 |
_aRU _bNLR _c20061002 _gpsbo |
|
| 801 | 0 |
_aRU _bRuMoRGB _c20061002 _2psbo |
|
| 801 | 1 |
_aRU _bProSoft-M _c20061002 _2rusmarc |
|
| 801 | 2 |
_aRU _bNLR _c20120911 _2rusmarc |
|
| 852 |
_aNLR _j18.335.3.54 |
||
| 942 | _cBOOK | ||
| 980 | _aNB | ||